Normal view
MARC view
Entry Personal Name
001 - CONTROL NUMBER
- control field: 537866
003 - CONTROL NUMBER IDENTIFIER
- control field: OSt
005 - DATE AND TIME OF LATEST TRANSACTION
- control field: 20220930080016.0
008 - FIXED-LENGTH DATA ELEMENTS
- fixed length control field: 220930|| aca||aabn | a|a d
040 ## - CATALOGING SOURCE
- Original cataloging agency: OSt
- Transcribing agency: OSt
100 ## - HEADING--PERSONAL NAME
- Personal name: Verma Mukesh Kumar
670 ## - SOURCE DATA FOUND
- Source citation: Work cat.: (OSt)869124: Verma Mukesh Kumar, Bharatiya darshan ko bodh math ka yogdan, 2005
